Cargando...

Varoo Daivame Varoo/

Detalles Bibliográficos
Autor Principal: C. V. Balakrishnan
Formato: Printed Book
Publicado: Kozhikode: Mathrubhumi, 2017.
Edición:2
Subjects:
LEADER 00607nam a22001817a 4500
020 |a 9788182670990 
082 |a M3  |b BAL/V 
100 |a C. V. Balakrishnan  |9 154589 
245 |a Varoo Daivame Varoo/  |c by C. V. Balakrishnan 
250 |a 2 
260 |a Kozhikode:  |b Mathrubhumi,  |c 2017. 
300 |a 124p. 
650 |a Stories Malayalam  |9 154590 
650 |a Literature Malayalam  |9 154591 
650 |a Literature  |9 154592 
942 |c BK 
999 |c 141645  |d 141645 
952 |0 0  |1 0  |4 0  |6 M_3_000000000000000_BAL_V  |7 0  |9 97895  |a SSUS  |b SSUS  |c STACKS  |d 2019-04-26  |g 115.00  |l 3  |o M3 BAL/V  |p 094966  |r 2020-08-03  |s 2020-07-10  |w 2019-04-26  |y BK